| 000 | 01201nam a2200253Ia 4500 | ||
|---|---|---|---|
| 003 | Ost | ||
| 005 | 20260507075134.0 | ||
| 008 | 260507s9999||||xx |||||||||||||| ||und|| | ||
| 020 | _a3774509953 | ||
| 040 | _cfsecg | ||
| 041 | _aara | ||
| 082 | _a330 | ||
| 100 |
_aالنجفي، سالم توفيق _eمؤلف |
||
| 245 | 0 |
_aالإقتصادات العربية وتناقضات السوق والتنمية / _c سالم توفيق النجفي |
|
| 260 |
_aبيروت: _bمركز دراسات الوحدة العربية, _c2008 |
||
| 300 |
_a272 صفحة؛ _bإيضاحات ؛ _c24 سم |
||
| 490 |
_aكتب المستقبل العربي _v40 |
||
| 520 | _aالإطار العالمي الرأسمالي القرن الحادي والعشرين- الإطار السياسي من التبعية الى التعاون- السوق العربية المشتركة من التعثر الى الإنطلاق- العلاقات الإقتصادية الخارجية بين التبادل والتنافر. | ||
| 653 | _aالإقتصاد العربي | ||
| 653 | _aالتنمية | ||
| 653 | _aالسوق | ||
| 700 |
_aكنعان، طاهر وآخرون _eمؤلف ثانوي |
||
| 942 | _cكتاب | ||
| 999 |
_c43247 _d43247 |
||